000 00911 a2200265 4500
005 2008092508118.0
008 080925t xxu||||| |||| 00| 0 eng d
010 _aENG-91740
020 _a8177098047
_c240.00
020 _a9788177098044
_c240.00
035 _aEN-75273
037 _bDBAD / PUB
040 _adpl
_bEnglish
082 _a510
100 _aDas Gupta, Asit
245 _aICSE mathematics for class 10 /
_cby Asit Das Gupta [and] Anindita Banerjee
250 _a3rd ed
260 _aNew Delhi
_bBharati Bhawan
_c2008
270 _a4271/3, Ansar Road, Daryaganj,
_bNew Delhi
_e110002
300 _aVarious pagings
_c28cm (pbk )
650 _aMathematics
700 _aBanerjee, Anindita
942 _adpl
_cEN
_2ddc
_mDAS
_h510
999 _c18978
_d18978